| 000 | 00642nam a22001817a 4500 | ||
|---|---|---|---|
| 999 |
_c62436 _d62436 |
||
| 005 | 20241031163807.0 | ||
| 008 | 241031s2019 enk||||| |||| 00| 0 eng d | ||
| 020 | _a9781785042188x | ||
| 041 | _aeng | ||
| 080 | _a159.9 E-68 | ||
| 100 |
_aErikson, Thomas _923582 |
||
| 245 |
_aSurrounded by Idiots: _bThe Four Types of Human Behaviour (or, How to Understand Those Who Cannot Be Understood) _cThomas Erikson. |
||
| 264 |
_aLondon : _bVermilion, _c2019. |
||
| 300 |
_a282 p.; _b21 cm. |
||
| 653 | _aადამიანის ქცევის ტიპები | ||
| 653 | _aფსიქოლოგია | ||
| 942 |
_2udc _cᲬᲘᲒᲜᲘ |
||